书目信息 |
| 题名: |
汤帅与姚明
|
|
| 作者: | 阎小娴 著 | |
| 分册: | ||
| 出版信息: | 上海 百家出版社 2005.05 |
|
| 页数: | 171页 | |
| 开本: | 26cm | |
| 丛书名: | ||
| 单 册: | ||
| 中图分类: | K837.125.47 , K825.47 | |
| 科图分类: | ||
| 主题词: | ||
| 电子资源: | ||
| ISBN: | 7-80703-307-X | |
| 000 | 00815nam0 2200265 45 | |
| 001 | 357255 | |
| 005 | 19960123114840 | |
| 010 | @a7-80703-307-X@dCNY18.00 | |
| 100 | @a19951112d2005 em y0chiy0121 ea | |
| 101 | 0 | @achi |
| 102 | @aCN@b110000 | |
| 105 | @aa z 000yy | |
| 106 | @ar | |
| 200 | 1 | @a汤帅与姚明@Atang shuai yu yao ming@d= Tomjanovicm&yaoming@f阎小娴著@zeng |
| 210 | @a上海@c百家出版社@d2005.05 | |
| 215 | @a171页@c图@d26cm | |
| 330 | @a本书主要讲汤帅其人其事、汤帅与姚明、离开为箭的日子。 | |
| 510 | 1 | @aTomjanovicm&yaoming@zeng |
| 600 | 0 | @a汤姆贾诺维奇@Atang mu jia nuo wei qi@x生平事迹 |
| 600 | 0 | @a姚明@Ayao ming@x生平事迹 |
| 690 | @aK837.125.47@v4 | |
| 690 | @aK825.47@v4 | |
| 701 | 0 | @a阎小娴@Ayan xiao xian@4著 |
| 801 | 0 | @aCN@b@c19951112 |
| 905 | @b673933-5@dK837.125.47@eY097@f3 | |
| 汤帅与姚明= Tomjanovicm&yaoming/阎小娴著.-上海:百家出版社,2005.05 |
| 171页:图;26cm |
| ISBN 7-80703-307-X:CNY18.00 |
| 本书主要讲汤帅其人其事、汤帅与姚明、离开为箭的日子。 |
| ● |
| 相关链接 |
|
|
|
正题名:汤帅与姚明
索取号:K837.125.47/Y097
 
预约/预借
| 序号 | 登录号 | 条形码 | 馆藏地/架位号 | 状态 | 备注 |
| 1 | 673933 | 206739332 | 社科库309/309社科库 4排3列4层/ [索取号:K837.125.47/Y097] | 在馆 | |
| 2 | 673934 | 206739341 | 社科库309/309社科库 4排3列4层/ [索取号:K837.125.47/Y097] | 在馆 | |
| 3 | 673935 | 206739350 | 社科库309/309社科库 4排3列4层/ [索取号:K837.125.47/Y097] | 在馆 |